Представление документа в формате MARC21

Поле Инд. ПП Название Значение
Тип записи a
Библиографический уровень b
001 Контрольный номер RU/IS/BASE/354113467
005 Дата корректировки 20200630193147.9
008 Кодируемые данные 20110322
040 b Код языка каталог. rus
e Правила каталог. PSBO
041 0_ a Код языка текста rus
084 a Индекс другой классификации/Индекс ББК 60.563.05; 86.21; 60.561.38
100 1_ a Автор Дубограй Е. В.
q Полное имя Дубограй Евгений Викентьевич
245 10 a Заглавие Религиозность как фактор профессиональной деятельности военнослужащих
504 a Библиография Библиогр.: с. 176
520 0_ a Аннотация В статье описывается религиозная ситуация в современных Вооруженных силах России и характерные черты религиозности российских военнослужащих, и факторы их влияния на военную службу, а также некоторые аспекты организационного и институционального взаимодействия армии и религии. В основе выводов автора лежат результаты военно-социологических исследований религиозности военнослужащих и религиозной ситуации, проведенных в 2006 - 2009 гг.
650 04 a Основная рубрика военная социология
a Основная рубрика политическая социология
a Основная рубрика религиоведение
a Основная рубрика религия
a Основная рубрика социология
a Основная рубрика социология религии
653 0_ a Ключевые слова военнослужащие
a Ключевые слова Вооруженные силы РФ
a Ключевые слова морально-психологическое состояние
a Ключевые слова профессиональная деятельность
a Ключевые слова религиозная ситуация
a Ключевые слова религиозность
a Ключевые слова Россия
773 08 t Заглавие источника Вестник Московского университета. Серия 18, Социология и политология
d Дата издания источника 2010
g Прочая информация № 4. - С. 164 - 176 : диагр., табл.
w Контрольный № источника RU/IS/BASE/349533681
901 t Тип документа b